| 000 | 00568nam a22001937a 4500 | ||
|---|---|---|---|
| 005 | 20251108165023.0 | ||
| 008 | 250721s1984 xx 000 0 ara d | ||
| 082 | 1 | 4 | _a927.84/أحم |
| 100 | 1 | _aالجندي، أحمد | |
| 245 | 1 | 0 | _aرواد النغم العربي / |
| 264 | 1 |
_aدمشق : _bدار طلاس للدراسات و الترجمة و النشر، _c1984. |
|
| 300 | _a176ص | ||
| 650 | 1 | 7 | _aالمغنون |
| 650 | 1 | 7 | _aالغناء |
| 650 | 1 | 7 | _aالموسيقى العربية |
| 650 | 1 | 7 | _aالتراجم |
| 942 |
_2ddc _cBK |
||
| 999 |
_c20092 _d20092 |
||